000 01231nam a2200313 i 4500
003 EG-GICUC
005 20260121101225.0
008 251116s1980 ua ||||f |||| 00| 0 ara d
040 _a EG-GICUC
_bara
_c EG-GICUC
_d EG-GICUC
_erda
041 _aara
082 0 4 _221
_a345
_bم ح . ح
092 0 4 _221
099 _aLaw1 07 345 م ح . ح 1980
100 0 _aمحمود عاطف البنا
_eمؤلف.
245 _aحدود سلطة الضبط الإداري /
_cدكتور محمود عاطف البنا
264 _aالقاهرة :
_bمطبعة جامعة القاهرة ,
_c1980.
300 _a193 صفحة
_bإيضاحيات، صور، مثيليات ؛
_c24 سم
336 _2rda content
_atext
337 _2rda media
_aComputer
338 _2rda carrier
_aOnline Resource
500 _aيشتمل علي ارجاعات ببليوجرافية
504 _a. 240-220 ببليوجرافيا: صفحات.
546 _aالنص أغلبه باللغة العربية بعض النصوص الإنجليزية والفرنسية
650 1 _aالقانون الإداري
_2qrmak
651 1 _2qrmak
856 4 0 _uhttps://fll.law.cu.edu.eg/fulltext/bks/B07-00968.pdf
905 _a74
942 _2ddc
_n0
_cBK
_e21
999 _c43433
_d43433